Εθνογραφικά
Αποθηκεύτηκε σε:
| Συγγραφή απο Οργανισμό/Αρχή: | |
|---|---|
| Μορφή: | Περιοδική έκδοση |
| Γλώσσα: | Greek English |
| Δημοσίευση: |
Ναύπλιο :
Πελοποννησιακό Λαογραφικό Ίδρυμα,
1978-
|
| Θέματα: | |
| Ετικέτες: |
Προσθήκη ετικέτας
Δεν υπάρχουν, Καταχωρήστε ετικέτα πρώτοι!
|
MARC
| LEADER | 00000nas a2200000 i 4500 | ||
|---|---|---|---|
| 001 | 1/10540 | ||
| 008 | 101014c19789999gr x r 0 |gre|| | ||
| 022 | |a 02571692 | ||
| 035 | |l 10109049 | ||
| 040 | |a GR-MY-UA |b gre |e aacr | ||
| 041 | 0 | |a gre |a eng | |
| 082 | 0 | |a 398 |2 (22) | |
| 110 | 2 | |a Πελοποννησιακό Λαογραφικό Ιδρυμα. | |
| 245 | 1 | 0 | |a Εθνογραφικά |h [περιοδικό] / |c Πελοποννησιακό Λαογραφικό Ίδρυμα. |
| 260 | |a Ναύπλιο : |b Πελοποννησιακό Λαογραφικό Ίδρυμα, |c 1978- | ||
| 300 | |a τ. | ||
| 310 | |a Ακανόνιστο | ||
| 505 | 0 | |a τ.1. Πελοποννησιακό Λαογραφικό Ίδρυμα. Ναύπλιο 1978 -- τ.2. Ναύπλιο 1979-80 -- 3. Πελοποννησιακό Λαογραφικό Ίδρυμα. Ναύπλιο 1981-1982 -- τ.4-5. Ναύπλιο 1983-85. Ειδική έκδοση: Ενδυματολογία, Μουσικά όργανα, Χαλκοτεχνία, Ανθρωπολογία του χορού -- τ.6: Αφιέρωμα στην Τεχνολογία. Ναύπλιο 1989 -- τ.7: Αφιέρωμα στην Ενδυματολογία. Ναύπλιο 1989 -- τ.8: Ο χορός στην Ελλάδα. Ναύπλιο 1990-1992 -- τ.9: Αφιέρωμα στο παιδικό παιχνίδι. Ναύπλιο 1993 -- τ.10: Αναφορά στην Ήπειρο. Ναύπλιο 1995 -- τ.11: Αναφορά στην Πελοπόννησο. Ναύπλιο 1999 -- τ.12-13: Μουσεία και λαϊκός πολιτισμός. Ναύπλιο 2003. | |
| 650 | 0 | 0 | |a Folklore |z Greece. |
| 650 | 0 | 0 | |a Ethnography |z Greece. |
| 650 | 0 | 0 | |a Costume |z Greece. |
| 650 | 0 | 0 | |a Costume |x History. |
| 853 | |a INST |b LESVOS |c SER |h 398 | ||
| 901 | |a BIBL1-2010-3 | ||
| 920 | |a ΠΕΛΟΠΟΝΝΗΣΙΑΚΟ ΛΑΟΓΡΑΦΙΚΟ ΙΔΡΥΜΑ |y Λέσβος | ||
| 970 | |a ΤΖΑΦΕΡΗ |b ΕΥΑΓΓΕΛΙΑ |z 2010/10/14 | ||